[Event "CAN-op"]
[Site "Vancouver CAN"]
[Date "1999.07.09"]
[Round "7"]
[White "Levtchouk, George"]
[Black "Poitras, Luc"]
[Result "1-0"]
[WhiteElo "2329"]
[BlackElo "2100"]
[PlyCount "62"]
[GameId "2160767911743120"]
[EventDate "1999.07.02"]
[EventType "swiss"]
[EventRounds "11"]
[EventCountry "CAN"]
[SourceTitle "EXT 2000"]
[Source "ChessBase"]
[SourceDate "1999.11.18"]
[SourceVersion "1"]
[SourceVersionDate "1999.11.18"]
[SourceQuality "1"]

1. d4 d5 2. c4 e6 3. cxd5 exd5 4. Nc3 Be7 5. Bf4 Nf6 6. e3 c6 7. Bd3 O-O 8. Qc2 Re8 9. h3 Nbd7 10. Nge2 Nf8 11. g4 Ng6 12. Bg3 Bd6 13. O-O-O b5 14. Bxd6 Qxd6 15. Ng3 a5 16. g5 Ne4 17. Ncxe4 dxe4 18. Bxe4 Be6 19. Kb1 Rac8 20. Bf5 a4 21. Ne4 Qd5 22. Bxe6 Rxe6 23. Nc5 Re7 24. h4 Ra7 25. h5 Nf8 26. h6 g6 27. Rhg1 Rb8 28. Qe4 Qxe4+ 29. Nxe4 Nd7 30. Rc1 Ra6 31. Rg4 f5 1-0

[Event "CAN-op"]
[Site "Vancouver CAN"]
[Date "1999.07.09"]
[Round "7"]
[White "Lipnowski, Irwin"]
[Black "Orlov, Georgi"]
[Result "0-1"]
[WhiteElo "2316"]
[BlackElo "2501"]
[PlyCount "96"]
[GameId "2160767911743121"]
[EventDate "1999.07.02"]
[EventType "swiss"]
[EventRounds "11"]
[EventCountry "CAN"]
[SourceTitle "EXT 2000"]
[Source "ChessBase"]
[SourceDate "1999.11.18"]
[SourceVersion "1"]
[SourceVersionDate "1999.11.18"]
[SourceQuality "1"]

1. c4 Nf6 2. g3 e5 3. Bg2 d5 4. cxd5 Nxd5 5. Nf3 Nc6 6. O-O Nb6 7. d3 Be7 8. Nc3 Be6 9. Be3 O-O 10. Na4 Nd5 11. Bc5 Bd6 12. d4 e4 13. Ne5 f5 14. Nxc6 bxc6 15. e3 Rf6 16. Qe2 Qe8 17. Bxd6 cxd6 18. Nc3 Qf7 19. Nxd5 Bxd5 20. Rac1 Re8 21. Rc3 Qb7 22. Rfc1 Rb8 23. b3 a5 24. Qc2 g5 25. Bf1 f4 26. Bc4 fxe3 27. Bxd5+ cxd5 28. Rc8+ Rf8 29. Rxf8+ Rxf8 30. fxe3 Qa6 31. g4 Qb5 32. Qd2 Rf3 33. Qc2 Qd3 34. Qxd3 exd3 35. Re1 h5 36. gxh5 Kg7 37. Rd1 Rxe3 38. Kf2 Rh3 39. Kg2 g4 40. Rd2 Kh6 41. Kf1 Kg5 42. Ke1 Kf4 43. Rg2 Rxh5 44. Kd2 Rh3 45. Rf2+ Ke4 46. Rg2 Kf3 47. Rg1 Rxh2+ 48. Kxd3 g3 0-1

[Event "CAN-op"]
[Site "Vancouver CAN"]
[Date "1999.07.09"]
[Round "7"]
[White "Pechisker, Alfred"]
[Black "Gardner, Robert"]
[Result "0-1"]
[WhiteElo "2052"]
[BlackElo "2247"]
[PlyCount "72"]
[GameId "2160767911743124"]
[EventDate "1999.07.02"]
[EventType "swiss"]
[EventRounds "11"]
[EventCountry "CAN"]
[SourceTitle "EXT 2000"]
[Source "ChessBase"]
[SourceDate "1999.11.18"]
[SourceVersion "1"]
[SourceVersionDate "1999.11.18"]
[SourceQuality "1"]

1. d4 Nf6 2. c4 c5 3. d5 b5 4. cxb5 a6 5. bxa6 g6 6. Nc3 Bxa6 7. e4 Bxf1 8. Kxf1 d6 9. g3 Bg7 10. Nf3 Nbd7 11. h3 O-O 12. Kg2 Qa5 13. Re1 Nb6 14. Re2 Nfd7 15. Rc2 Rfb8 16. Qe2 Na4 17. Nd1 Ne5 18. Nxe5 Bxe5 19. Rb1 Qa6 20. Qxa6 Rxa6 21. b3 f5 22. exf5 gxf5 23. Bd2 Nb6 24. Ne3 f4 25. gxf4 Bxf4 26. Rd1 Kf7 27. Kf3 Be5 28. Ke4 Nd7 29. Kd3 Rba8 30. a4 Rb8 31. Kc4 Bd4 32. f4 Nb6+ 33. Kb5 Ra7 34. Kc6 Nc8 35. Nc4 Rab7 36. Nxd6+ exd6 0-1

[Event "CAN-op"]
[Site "Vancouver CAN"]
[Date "1999.07.09"]
[Round "7"]
[White "Spraggett, Kevin"]
[Black "Saidy, Anthony"]
[Result "1-0"]
[WhiteElo "2521"]
[BlackElo "2375"]
[PlyCount "93"]
[GameId "2160767911743125"]
[EventDate "1999.07.02"]
[EventType "swiss"]
[EventRounds "11"]
[EventCountry "CAN"]
[SourceTitle "EXT 2000"]
[Source "ChessBase"]
[SourceDate "1999.11.18"]
[SourceVersion "1"]
[SourceVersionDate "1999.11.18"]
[SourceQuality "1"]

1. d4 Nf6 2. c4 e6 3. Nf3 d5 4. Nc3 Be7 5. Bg5 O-O 6. e3 h6 7. Bh4 b6 8. Bd3 Bb7 9. O-O Nbd7 10. Bg3 c5 11. Qe2 Nh5 12. cxd5 Nxg3 13. hxg3 exd5 14. Rad1 c4 15. Bb1 Bb4 16. Qc2 Nf6 17. Ne5 Qe7 18. g4 Rfc8 19. g5 hxg5 20. Qf5 Bxc3 21. bxc3 Qe6 22. Qxg5 Ne4 23. Qh4 Qf6 24. Qh3 Rc7 25. Bxe4 dxe4 26. f4 exf3 27. gxf3 Re8 28. Kf2 Qe6 29. Rh1 Qxh3 30. Rxh3 f6 31. Ng6 Kf7 32. Nf4 Bc8 33. Rh5 Bb7 34. e4 Rce7 35. Rg1 g5 36. Rh7+ Kg8 37. Rxe7 Rxe7 38. Nh5 Kf7 39. Ng3 Kg6 40. Rh1 Rh7 41. Rxh7 Kxh7 42. Nf5 Bc6 43. Ke3 Bd7 44. Nd6 b5 45. d5 Kg6 46. a3 Kh5 47. Nb7 1-0

[Event "CAN-op"]
[Site "Vancouver CAN"]
[Date "1999.07.09"]
[Round "7"]
[White "Yoos, John"]
[Black "Gufeld, Eduard"]
[Result "1/2-1/2"]
[WhiteElo "2302"]
[BlackElo "2454"]
[PlyCount "95"]
[GameId "2160767911743126"]
[EventDate "1999.07.02"]
[EventType "swiss"]
[EventRounds "11"]
[EventCountry "CAN"]
[SourceTitle "EXT 2000"]
[Source "ChessBase"]
[SourceDate "1999.11.18"]
[SourceVersion "1"]
[SourceVersionDate "1999.11.18"]
[SourceQuality "1"]

1. e4 c5 2. Nf3 Nc6 3. d4 cxd4 4. Nxd4 Nf6 5. Nc3 d6 6. Bg5 Qb6 7. Nb3 e6 8. Bf4 Ne5 9. Be3 Qc7 10. f4 Nc6 11. g4 a6 12. g5 Nd7 13. Qf3 b5 14. Bd3 Bb7 15. O-O-O Nc5 16. Kb1 Be7 17. h4 O-O-O 18. Qf2 Nb4 19. Rhe1 Nbxd3 20. cxd3 Kb8 21. f5 Rhe8 22. e5 Rc8 23. f6 gxf6 24. exf6 Bf8 25. Nc1 b4 26. N3e2 e5 27. Ng3 d5 28. d4 Ne6 29. Nb3 e4 30. Rc1 Qb6 31. Nxe4 dxe4 32. d5 Qd6 33. dxe6 Qxe6 34. Nd4 Qh3 35. Qd2 Red8 36. Rxc8+ Qxc8 37. Rc1 Qd7 38. Qf2 Rc8 39. Rxc8+ Qxc8 40. Bf4+ Ka8 41. Nb3 Qf5 42. Qe3 a5 43. Bh2 a4 44. Bg1 Kb8 45. Bh2+ Ka8 46. Bg1 Kb8 47. Bh2+ Ka8 48. Bg1 1/2-1/2

[Event "CAN-op"]
[Site "Vancouver CAN"]
[Date "1999.07.08"]
[Round "8"]
[White "Bao, Lawrence"]
[Black "Strojevs, Alexander"]
[Result "0-1"]
[WhiteElo "1425"]
[BlackElo "1884"]
[PlyCount "74"]
[GameId "2160767911743127"]
[EventDate "1999.07.02"]
[EventType "swiss"]
[EventRounds "11"]
[EventCountry "CAN"]

1. e4 c5 2. Nf3 d6 3. d4 cxd4 4. Nxd4 Nf6 5. Nc3 g6 6. Bb5+ Bd7 7. Bxd7+ Qxd7 8. h3 Bg7 9. Be3 Nc6 10. Nb3 Ne5 11. Qd4 b6 12. O-O-O Rc8 13. Bf4 Nc6 14. Qe3 Qb7 15. f3 O-O 16. Bh6 Ne5 17. Bxg7 Kxg7 18. g4 Qc6 19. Nd4 Qc4 20. a3 a6 21. g5 Nh5 22. Nd5 Qa2 23. Nb3 Rxc2+ 24. Kxc2 Rc8+ 25. Nc3 Nc4 26. Qc1 Nxa3+ 27. Kd3 Qxb3 28. bxa3 Qc4+ 29. Ke3 Qc5+ 30. Kd3 e5 31. Qb2 Nf4+ 32. Kd2 Qf2+ 33. Kc1 Ne2+ 34. Kb1 Nxc3+ 35. Ka1 Qxb2+ 36. Kxb2 Nxd1+ 37. Rxd1 Rc6 0-1

[Event "CAN-op"]
[Site "Vancouver CAN"]
[Date "1999.07.08"]
[Round "8"]
[White "Brodie, Hugh"]
[Black "Firor, Jon"]
[Result "1/2-1/2"]
[WhiteElo "1990"]
[BlackElo "1779"]
[PlyCount "88"]
[GameId "2160767911743128"]
[EventDate "1999.07.02"]
[EventType "swiss"]
[EventRounds "11"]
[EventCountry "CAN"]

1. e4 c5 2. Nf3 d6 3. c3 Nf6 4. Bd3 Nc6 5. Bc2 g6 6. O-O Bg7 7. d4 cxd4 8. cxd4 O-O 9. Nc3 Bg4 10. Be3 Qd7 11. h3 Bxf3 12. Qxf3 a6 13. Rac1 Rac8 14. Rfd1 b5 15. Ne2 d5 16. e5 Ne8 17. Qg3 f5 18. Qh4 e6 19. Nf4 Qd8 20. Qxd8 Nxd8 21. Bb1 Ra8 22. Rc2 Rf7 23. Rdc1 Rfa7 24. a3 Kf7 25. Ba2 Ke7 26. Nd3 h6 27. Bd2 Bf8 28. Bb4+ Kf7 29. Bxf8 Kxf8 30. Nf4 g5 31. Nd3 Ke7 32. Nb4 Kd7 33. Nc6 Nxc6 34. Rxc6 Rc7 35. Rxc7+ Nxc7 36. Kf1 Rc8 37. Ke2 Na8 38. Rxc8 Kxc8 39. Kd3 Nb6 40. Kc3 Kd7 41. Bb3 Kc6 42. Bd1 Nc4 43. Bh5 Kd7 44. Be2 Kc6 1/2-1/2

[Event "CAN-op"]
[Site "Vancouver CAN"]
[Date "1999.07.08"]
[Round "8"]
[White "Franett, Michael"]
[Black "Lapides, Andrew"]
[Result "1-0"]
[WhiteElo "2097"]
[BlackElo "2278"]
[PlyCount "47"]
[GameId "2160767911743129"]
[EventDate "1999.07.02"]
[EventType "swiss"]
[EventRounds "11"]
[EventCountry "CAN"]

1. d4 Nf6 2. c4 g6 3. Nc3 Bg7 4. e4 d6 5. f4 O-O 6. Nf3 c5 7. d5 e6 8. Be2 exd5 9. cxd5 b5 10. e5 dxe5 11. fxe5 Ng4 12. Bg5 Qb6 13. O-O c4+ 14. Kh1 Bf5 15. d6 Nc6 16. Nd5 Qb7 17. Nh4 Ngxe5 18. Rxf5 gxf5 19. Nf6+ Kh8 20. Nxf5 Nd7 21. Nxg7 Kxg7 22. Qd2 Nxf6 23. Bh6+ Kh8 24. Qe3 1-0

[Event "CAN-op"]
[Site "Vancouver CAN"]
[Date "1999.07.08"]
[Round "8"]
[White "Fuentebella, Mayo"]
[Black "Reddy, Tyler"]
[Result "1-0"]
[WhiteElo "2332"]
[BlackElo "2170"]
[PlyCount "73"]
[GameId "2160767911743130"]
[EventDate "1999.07.02"]
[EventType "swiss"]
[EventRounds "11"]
[EventCountry "CAN"]

1. c4 c5 2. Nc3 Nc6 3. Nf3 g6 4. d4 cxd4 5. Nxd4 Bg7 6. e3 Nf6 7. Be2 O-O 8. O-O b6 9. b3 Bb7 10. Bb2 Ne5 11. f4 Nc6 12. Bf3 Qc8 13. Rc1 d6 14. Nd5 Qd7 15. e4 Ne8 16. e5 dxe5 17. Nxc6 Bxc6 18. fxe5 Rd8 19. Qe2 Nc7 20. Rfd1 Nxd5 21. cxd5 Bb5 22. Qe3 f6 23. a4 Ba6 24. e6 Qd6 25. Rc6 Qb8 26. d6 Bb7 27. Ba3 Bxc6 28. Bxc6 f5 29. Bd7 Rxd7 30. exd7 e5 31. Qd3 Qd8 32. Qc4+ Rf7 33. Qd5 Kf8 34. Rc1 Rxd7 35. Rc7 Qe8 36. Qc6 Rf7 37. d7+ 1-0

[Event "CAN-op"]
[Site "Vancouver CAN"]
[Date "1999.07.08"]
[Round "8"]
[White "Golts, Roman"]
[Black "Berrocoso, Tony"]
[Result "1-0"]
[WhiteElo "2298"]
[BlackElo "2094"]
[PlyCount "63"]
[GameId "2160767911743131"]
[EventDate "1999.07.02"]
[EventType "swiss"]
[EventRounds "11"]
[EventCountry "CAN"]

1. e4 e6 2. d4 d5 3. Nd2 dxe4 4. Nxe4 Bd7 5. Nf3 Bc6 6. Bd3 Nd7 7. c3 Ngf6 8. Ned2 Be7 9. O-O O-O 10. Re1 Re8 11. Nc4 Bxf3 12. Qxf3 c6 13. Qh3 c5 14. Ne5 Nf8 15. Be3 Qc7 16. Rad1 Nd5 17. Bc1 cxd4 18. cxd4 Bf6 19. Ng4 Be7 20. Re5 Bd6 21. Bxh7+ Nxh7 22. Rh5 Bf4 23. Rxh7 Kf8 24. Qh4 g5 25. Qh6+ Ke7 26. Bxf4 Qxf4 27. Ne5 Kd8 28. Rxf7 Qh4 29. Rd7+ Kc8 30. Rc1+ Kb8 31. Qxh4 gxh4 32. Rxd5 1-0

[Event "CAN-op"]
[Site "Vancouver CAN"]
[Date "1999.07.08"]
[Round "8"]
[White "Lipnowski, Irwin"]
[Black "Bowerman, Robert"]
[Result "1-0"]
[WhiteElo "2347"]
[BlackElo "2166"]
[PlyCount "83"]
[GameId "2160767911743132"]
[EventDate "1999.07.02"]
[EventType "swiss"]
[EventRounds "11"]
[EventCountry "CAN"]

1. e4 e6 2. d4 d5 3. Nc3 dxe4 4. Nxe4 Nd7 5. Nf3 Ngf6 6. Nxf6+ Nxf6 7. Bd3 c5 8. dxc5 Bxc5 9. Qe2 O-O 10. Bg5 h6 11. Bh4 Qa5+ 12. c3 Nd5 13. Qd2 Be7 14. Bxe7 Nxe7 15. O-O Rd8 16. Rad1 Bd7 17. b3 Bc6 18. Nd4 Rac8 19. Qb2 Bd7 20. c4 a6 21. Rfe1 Nc6 22. Nf3 Qh5 23. Rd2 Nb4 24. Red1 Bc6 25. Be2 Rxd2 26. Rxd2 Be4 27. Qd4 Bb1 28. a3 Nc6 29. Qb6 Be4 30. Qe3 f5 31. Ne1 Qg6 32. f3 Bb1 33. Rb2 f4 34. Qxf4 e5 35. Qe3 Bf5 36. Nd3 Re8 37. Nc5 Bc8 38. Bd3 Qf6 39. Be4 Nd4 40. Nxb7 Bxb7 41. Bxb7 Qb6 42. Bd5+ 1-0

[Event "CAN-op"]
[Site "Vancouver CAN"]
[Date "1999.07.08"]
[Round "8"]
[White "Olson, Hans"]
[Black "Ivankovic, Goran"]
[Result "1/2-1/2"]
[WhiteElo "1980"]
[BlackElo "1844"]
[PlyCount "83"]
[GameId "2160767911743133"]
[EventDate "1999.07.02"]
[EventType "swiss"]
[EventRounds "11"]
[EventCountry "CAN"]

1. e4 e6 2. d4 d5 3. exd5 exd5 4. Bd3 Bd6 5. Nf3 Nf6 6. h3 h6 7. O-O O-O 8. Re1 Be6 9. Nbd2 Nbd7 10. Ne5 c6 11. Ndf3 Qc7 12. Bf4 Rfe8 13. Qd2 Nf8 14. Bh2 Re7 15. Re2 Rae8 16. Rae1 N6h7 17. c3 f6 18. Ng6 Bxh2+ 19. Nxh2 Nxg6 20. Bxg6 Bf7 21. Bxf7+ Kxf7 22. Rxe7+ Rxe7 23. Rxe7+ Qxe7 24. Nf3 Qe4 25. a3 a6 26. Kh2 Ng5 27. Nxg5+ hxg5 28. f3 Qf4+ 29. Qxf4 gxf4 30. g4 fxg3+ 31. Kxg3 Ke6 32. Kg4 g6 33. f4 b6 34. b4 Kf7 35. a4 Kg7 36. h4 Kh6 37. f5 g5 38. hxg5+ fxg5 39. a5 b5 40. f6 Kg6 41. f7 Kxf7 42. Kxg5 1/2-1/2

[Event "CAN-op"]
[Site "Vancouver CAN"]
[Date "1999.07.08"]
[Round "8"]
[White "Seid, Hee"]
[Black "Villanueva, Rod"]
[Result "1-0"]
[WhiteElo "2217"]
[BlackElo "2130"]
[PlyCount "99"]
[GameId "2160767911743134"]
[EventDate "1999.07.02"]
[EventType "swiss"]
[EventRounds "11"]
[EventCountry "CAN"]

1. d4 d5 2. Nf3 f5 3. g3 Nc6 4. Bg2 e6 5. O-O g6 6. c3 Bg7 7. Nbd2 Nh6 8. Nb3 Nf7 9. Nc5 O-O 10. b4 Nb8 11. a4 b6 12. Nd3 c6 13. a5 b5 14. Nd2 e5 15. dxe5 Nxe5 16. Nxe5 Bxe5 17. Qb3 Rf7 18. Nf3 Bf6 19. Be3 Na6 20. Rad1 Nc7 21. Bd4 Qe7 22. Rfe1 Bd7 23. Rd3 Ne6 24. Re3 Qd6 25. Ne5 Rff8 26. Rd1 Nxd4 27. cxd4 Bxe5 28. Rxe5 Rae8 29. f4 Kg7 30. Rc1 Rxe5 31. dxe5 Qe7 32. Qc3 Be8 33. Qd4 h5 34. Rc5 Kh6 35. Kf1 g5 36. e3 g4 37. Kf2 Rg8 38. Qd3 Kg6 39. Qc2 Qe6 40. Bf1 Rg7 41. Bd3 Rf7 42. Qb3 Re7 43. h3 gxh3 44. Bxf5+ Kh6 45. Bxh3 Qg6 46. Rc1 Rg7 47. Rg1 h4 48. g4 Bd7 49. g5+ Kh7 50. Qc2 1-0

[Event "CAN-op"]
[Site "Vancouver CAN"]
[Date "1999.07.08"]
[Round "8"]
[White "Tootoosis, Harold"]
[Black "Juverdeanu, Valeriu"]
[Result "1-0"]
[WhiteElo "1842"]
[BlackElo "1705"]
[PlyCount "41"]
[GameId "2160767911743135"]
[EventDate "1999.07.02"]
[EventType "swiss"]
[EventRounds "11"]
[EventCountry "CAN"]

1. e4 e5 2. Nf3 Nc6 3. Bb5 d6 4. d4 Bd7 5. O-O h6 6. Nc3 exd4 7. Nxd4 Ne5 8. f4 Bxb5 9. Ndxb5 c6 10. fxe5 cxb5 11. e6 Nf6 12. exf7+ Kxf7 13. Qd5+ Kg6 14. Qf5+ Kf7 15. Nd5 Be7 16. Be3 Qc8 17. Qh5+ Kf8 18. e5 dxe5 19. Qxe5 Qd7 20. Nxe7 Re8 21. Rxf6+ 1-0

[Event "CAN-op"]
[Site "Vancouver CAN"]
[Date "1999.07.10"]
[Round "8"]
[White "Basanta, Gary"]
[Black "Yoos, John"]
[Result "1-0"]
[WhiteElo "2355"]
[BlackElo "2302"]
[PlyCount "113"]
[GameId "2160767911743137"]
[EventDate "1999.07.02"]
[EventType "swiss"]
[EventRounds "11"]
[EventCountry "CAN"]
[SourceTitle "EXT 2000"]
[Source "ChessBase"]
[SourceDate "1999.11.18"]
[SourceVersion "1"]
[SourceVersionDate "1999.11.18"]
[SourceQuality "1"]

1. e4 d6 2. d4 Nf6 3. f3 g6 4. Be3 a6 5. Qd2 Nc6 6. Ne2 Bg7 7. g4 h5 8. g5 Nd7 9. Nbc3 b5 10. f4 Nb6 11. b3 d5 12. Bg2 e6 13. a3 Ne7 14. O-O Rb8 15. a4 b4 16. Nd1 a5 17. c3 dxe4 18. cxb4 Nbd5 19. b5 c6 20. Ndc3 cxb5 21. Bxe4 b4 22. Nxd5 Nxd5 23. Bf2 Ba6 24. Bd3 Bxd3 25. Qxd3 O-O 26. Rac1 Rc8 27. Rc5 Nc3 28. Nc1 Re8 29. Re1 Bf8 30. Rxc8 Qxc8 31. Qf3 Bg7 32. Nd3 Rd8 33. Ne5 Nd5 34. Qe4 Qa6 35. Qf3 Qa8 36. Rc1 Nc3 37. Qxa8 Rxa8 38. Re1 Nd5 39. Bg3 Rc8 40. Nc4 Bxd4+ 41. Kg2 Nb6 42. Nxa5 Rc2+ 43. Kf3 Nd5 44. Ke4 Ba7 45. h4 Rc3 46. Bh2 Bf2 47. Rf1 Bb6 48. Nc4 Ne3 49. Bg1 Nxc4 50. bxc4 Rxc4+ 51. Ke5 Bc7+ 52. Kf6 b3 53. f5 Re4 54. Ke7 exf5+ 55. Kd7 Be5 56. Rc1 b2 57. Rc8+ 1-0

[Event "CAN-op"]
[Site "Vancouver CAN"]
[Date "1999.07.10"]
[Round "8"]
[White "Gardner, Robert"]
[Black "Ristovic, Nenad"]
[Result "0-1"]
[WhiteElo "2247"]
[BlackElo "2265"]
[PlyCount "74"]
[GameId "2160767911743138"]
[EventDate "1999.07.02"]
[EventType "swiss"]
[EventRounds "11"]
[EventCountry "CAN"]
[SourceTitle "EXT 2000"]
[Source "ChessBase"]
[SourceDate "1999.11.18"]
[SourceVersion "1"]
[SourceVersionDate "1999.11.18"]
[SourceQuality "1"]

1. e4 e6 2. d4 d5 3. Nd2 Nf6 4. e5 Nfd7 5. f4 c5 6. c3 Nc6 7. Ndf3 Qb6 8. g3 cxd4 9. cxd4 Be7 10. Bh3 a5 11. Ne2 a4 12. O-O f5 13. g4 g6 14. gxf5 gxf5 15. Ng3 h5 16. Kh1 Nf8 17. Rg1 Bd7 18. Rg2 Kd8 19. Ne2 Na5 20. Ng5 Be8 21. Nc3 Nc4 22. Qd3 Bxg5 23. fxg5 Bg6 24. Qd1 Qa5 25. Ne2 a3 26. b3 Nb2 27. Qf1 Nd3 28. Bf4 Rc8 29. Rg3 Qa6 30. Qf3 h4 31. Rg2 Bh5 32. Qe3 Ng6 33. Bxf5 exf5 34. e6 Bxe2 35. Rxe2 Ndxf4 36. e7+ Ke8 37. Rd2 Rh7 0-1

[Event "CAN-op"]
[Site "Vancouver CAN"]
[Date "1999.07.10"]
[Round "8"]
[White "Gross, Ronald"]
[Black "O'Donnell, Tom"]
[Result "0-1"]
[WhiteElo "2185"]
[BlackElo "2355"]
[PlyCount "44"]
[GameId "2160767911743140"]
[EventDate "1999.07.02"]
[EventType "swiss"]
[EventRounds "11"]
[EventCountry "CAN"]
[SourceTitle "EXT 2000"]
[Source "ChessBase"]
[SourceDate "1999.11.18"]
[SourceVersion "1"]
[SourceVersionDate "1999.11.18"]
[SourceQuality "1"]

1. d4 d5 2. c4 e6 3. Nc3 c6 4. Nf3 Nf6 5. Bg5 dxc4 6. e3 b5 7. a4 Bb4 8. Nd2 Bb7 9. Qf3 a6 10. Be2 Nbd7 11. O-O h6 12. Bh4 Qb6 13. Nde4 Be7 14. Bg3 Nxe4 15. Nxe4 O-O 16. Nd6 Rad8 17. Rfd1 Ba8 18. e4 c5 19. axb5 axb5 20. Rxa8 Rxa8 21. dxc5 Nxc5 22. e5 Ra2 0-1

[Event "CAN-op"]
[Site "Vancouver CAN"]
[Date "1999.07.10"]
[Round "8"]
[White "Gufeld, Eduard"]
[Black "Cummings, David"]
[Result "1/2-1/2"]
[WhiteElo "2454"]
[BlackElo "2357"]
[PlyCount "64"]
[GameId "2160767911743141"]
[EventDate "1999.07.02"]
[EventType "swiss"]
[EventRounds "11"]
[EventCountry "CAN"]
[SourceTitle "EXT 2000"]
[Source "ChessBase"]
[SourceDate "1999.11.18"]
[SourceVersion "1"]
[SourceVersionDate "1999.11.18"]
[SourceQuality "1"]

1. g3 Nf6 2. Bg2 d5 3. d3 c6 4. Nd2 e5 5. e4 dxe4 6. dxe4 Bc5 7. Ngf3 Bg4 8. h3 Bh5 9. Qe2 Nbd7 10. O-O O-O 11. c3 a5 12. b3 Qc7 13. a3 Rfe8 14. Bb2 b5 15. b4 Bf8 16. Nb3 axb4 17. cxb4 Bxf3 18. Bxf3 c5 19. Qxb5 cxb4 20. Rfc1 Qb6 21. Qxb6 Nxb6 22. axb4 Rxa1 23. Bxa1 Bxb4 24. Rc7 Nbd7 25. Be2 Rb8 26. Bc4 Kf8 27. Kg2 Bd6 28. Ra7 Rc8 29. Bd3 Rc7 30. Ra6 Ke7 31. Bb2 Rb7 32. Ba3 Bxa3 1/2-1/2

[Event "CAN-op"]
[Site "Vancouver CAN"]
[Date "1999.07.10"]
[Round "8"]
[White "Milicevic, Dragoljub"]
[Black "Levtchouk, George"]
[Result "1/2-1/2"]
[WhiteElo "2226"]
[BlackElo "2329"]
[PlyCount "117"]
[GameId "2160767911743143"]
[EventDate "1999.07.02"]
[EventType "swiss"]
[EventRounds "11"]
[EventCountry "CAN"]
[SourceTitle "EXT 2000"]
[Source "ChessBase"]
[SourceDate "1999.11.18"]
[SourceVersion "1"]
[SourceVersionDate "1999.11.18"]
[SourceQuality "1"]

1. Nf3 g6 2. g3 Bg7 3. d4 d6 4. Bg2 Nf6 5. O-O O-O 6. c4 Nc6 7. Nc3 a6 8. b3 Rb8 9. Nd5 Ne8 10. Bb2 e6 11. Nf4 b5 12. cxb5 axb5 13. Rc1 Bb7 14. e4 Ne7 15. e5 Nd5 16. Nd3 Bh6 17. Rc2 f6 18. Re1 Ng7 19. b4 Rf7 20. Bc1 Bxc1 21. Qxc1 Qe7 22. Qd2 Rbf8 23. exf6 Qxf6 24. Ng5 Re7 25. Ne5 Nf5 26. Ng4 Qxd4 27. Nh6+ Kh8 28. Rxe6 Qxd2 29. Rxd2 c6 30. Nxf5 Rxe6 31. Nxe6 Rxf5 32. a3 Re5 33. Bxd5 cxd5 34. Nd4 Re1+ 35. Kg2 Ba6 36. Kf3 Ra1 37. Rd3 Ra2 38. Ke3 Kg8 39. Rc3 Kf7 40. h4 Kf6 41. g4 h6 42. f4 g5 43. hxg5+ hxg5 44. Nf3 d4+ 45. Nxd4 Rg2 46. Nf3 Rxg4 47. fxg5+ Ke6 48. Rc7 Kd5 49. Kf2 Ke4 50. Re7+ Kd3 51. Rd7 Kc3 52. Rxd6 Kb3 53. Rd3+ Kb2 54. Nd4 Rxg5 55. Rh3 Bc8 56. Rb3+ Ka2 57. Rc3 Bd7 58. Rc5 Rxc5 59. bxc5 1/2-1/2

[Event "CAN-op"]
[Site "Vancouver CAN"]
[Date "1999.07.10"]
[Round "8"]
[White "Orlov, Georgi"]
[Black "Spraggett, Kevin"]
[Result "1/2-1/2"]
[WhiteElo "2501"]
[BlackElo "2521"]
[PlyCount "65"]
[GameId "2160767911743144"]
[EventDate "1999.07.02"]
[EventType "swiss"]
[EventRounds "11"]
[EventCountry "CAN"]
[SourceTitle "EXT 2000"]
[Source "ChessBase"]
[SourceDate "1999.11.18"]
[SourceVersion "1"]
[SourceVersionDate "1999.11.18"]
[SourceQuality "1"]

1. e4 c5 2. Nf3 e6 3. c3 d5 4. exd5 exd5 5. d4 Nf6 6. Be2 Nc6 7. O-O Be7 8. dxc5 Bxc5 9. Nbd2 Bb6 10. Nb3 h6 11. Nfd4 O-O 12. Bf4 Ne4 13. a4 a6 14. Nxc6 bxc6 15. a5 Ba7 16. Nd4 Qf6 17. Bc7 c5 18. Nf3 Qc6 19. Bf4 Be6 20. Qa4 Qb7 21. Qa3 Bb8 22. Bxb8 Rfxb8 23. Rab1 Qa7 24. Rfd1 c4 25. Nd4 Rb3 26. Nxb3 Qxf2+ 27. Kh1 Qxe2 28. Re1 Qg4 29. Nd4 Nf2+ 30. Kg1 Nh3+ 31. Kh1 Nf2+ 32. Kg1 Nh3+ 33. Kh1 1/2-1/2

[Event "CAN-op"]
[Site "Vancouver CAN"]
[Date "1999.07.10"]
[Round "8"]
[White "Saidy, Anthony"]
[Black "Hua, Lefong"]
[Result "1-0"]
[WhiteElo "2375"]
[BlackElo "2246"]
[PlyCount "71"]
[GameId "2160767911743145"]
[EventDate "1999.07.02"]
[EventType "swiss"]
[EventRounds "11"]
[EventCountry "CAN"]
[SourceTitle "EXT 2000"]
[Source "ChessBase"]
[SourceDate "1999.11.18"]
[SourceVersion "1"]
[SourceVersionDate "1999.11.18"]
[SourceQuality "1"]

1. Nf3 c5 2. e4 e6 3. d3 Nc6 4. g3 d6 5. Bg2 Be7 6. Nbd2 Nf6 7. O-O O-O 8. Re1 Qc7 9. c3 Rb8 10. d4 d5 11. dxc5 dxe4 12. Nxe4 Nxe4 13. Rxe4 Rd8 14. Qc2 e5 15. Re1 Bxc5 16. Ng5 g6 17. h4 Bf8 18. Be3 b5 19. Qe2 Na5 20. Rad1 Rxd1 21. Rxd1 h6 22. Ne4 Be6 23. Nf6+ Kg7 24. Nd5 Bxd5 25. Rxd5 Qc4 26. Qd2 Qxa2 27. Bxh6+ Kh7 28. Bxf8 Rxf8 29. Rxb5 Nc4 30. Qd5 Qa1+ 31. Kh2 Nxb2 32. Qxe5 Nd1 33. Qe1 Rd8 34. Qe7 Rg8 35. Qxf7+ Rg7 36. Rh5+ 1-0

[Event "CAN-op"]
[Site "Vancouver CAN"]
[Date "1999.07.09"]
[Round "9"]
[White "Arabacioglu, Murat"]
[Black "Fowler, Steve"]
[Result "1-0"]
[WhiteElo "2130"]
[BlackElo "1954"]
[PlyCount "59"]
[GameId "2160767911743147"]
[EventDate "1999.07.02"]
[EventType "swiss"]
[EventRounds "11"]
[EventCountry "CAN"]

1. e4 c5 2. Nf3 d6 3. d4 cxd4 4. Nxd4 Nf6 5. Nc3 a6 6. Bc4 g6 7. f3 Bg7 8. Be3 O-O 9. Qd2 Bd7 10. O-O-O Nc6 11. h4 Rc8 12. Bb3 Ne5 13. h5 Nc4 14. Bxc4 Rxc4 15. hxg6 fxg6 16. Nde2 Qa5 17. Bh6 Rfc8 18. Bxg7 Kxg7 19. Kb1 Be6 20. Qh6+ Kf7 21. g4 b5 22. g5 b4 23. gxf6 Kxf6 24. Nd5+ Bxd5 25. Rxd5 Qc7 26. Nf4 Rxe4 27. Qg5+ Kf7 28. Rxh7+ Ke8 29. Qxg6+ Kd7 30. Qxe4 1-0

[Event "CAN-op"]
[Site "Vancouver CAN"]
[Date "1999.07.09"]
[Round "9"]
[White "Campbell, Tom"]
[Black "Solis, Jaime"]
[Result "1/2-1/2"]
[WhiteElo "1669"]
[BlackElo "1959"]
[PlyCount "74"]
[GameId "2160767911743148"]
[EventDate "1999.07.02"]
[EventType "swiss"]
[EventRounds "11"]
[EventCountry "CAN"]

1. c4 Nf6 2. Nf3 g6 3. Nc3 Bg7 4. e4 d6 5. d4 O-O 6. Be2 c6 7. O-O h6 8. h3 a5 9. Bf4 Na6 10. Qd2 Kh7 11. Rac1 c5 12. d5 Nh5 13. Bh2 Nc7 14. e5 dxe5 15. Nxe5 Nf6 16. a4 Nce8 17. Qe3 Qb6 18. Nb5 Nd6 19. Bd3 Nf5 20. Bxf5 Bxf5 21. g4 Bc8 22. Nd3 Qd8 23. Bc7 Qe8 24. Bb6 Bxg4 25. Nc7 Qxa4 26. Nxa8 Rxa8 27. hxg4 Nxg4 28. Qxe7 Qb3 29. Qxb7 Re8 30. Rc3 Qa4 31. Ra3 Qxc4 32. Bxc5 Nf6 33. d6 Nd5 34. f3 Re2 35. Qxf7 Qh4 36. Bf2 Qg5+ 37. Kh2 Qh4+ 1/2-1/2